English skills (Record no. 566508)

000 -LEADER
fixed length control field 01358cam a2200325 a 4500
001 - CONTROL NUMBER
control field 14003222
003 - CONTROL NUMBER IDENTIFIER
control field CEME
005 - DATE AND TIME OF LATEST TRANSACTION
control field 20210628201552.0
008 - FIXED-LENGTH DATA ELEMENTS--GENERAL INFORMATION
fixed length control field 050615s2006 maua 001 0 eng
010 ## - LIBRARY OF CONGRESS CONTROL NUMBER
LC control number 2005928927
020 ## - INTERNATIONAL STANDARD BOOK NUMBER
International Standard Book Number 0072962763 (student edition (softcover) : alk. paper)
020 ## - INTERNATIONAL STANDARD BOOK NUMBER
International Standard Book Number 0072962771 (annotated instructor's edition (softcover) : alk. paper)
020 ## - INTERNATIONAL STANDARD BOOK NUMBER
International Standard Book Number 0072962755 (CDROM)
040 ## - CATALOGING SOURCE
Original cataloging agency DLC
Transcribing agency DLC
Modifying agency DLC
050 00 - LIBRARY OF CONGRESS CALL NUMBER
Classification number PE1408
Item number .L318 2006
100 1# - MAIN ENTRY--PERSONAL NAME
Personal name Langan, John,
Dates associated with a name 1942-
9 (RLIN) 2562
245 10 - TITLE STATEMENT
Title English skills
Statement of responsibility, etc. John Langan.
250 ## - EDITION STATEMENT
Edition statement 8th ed.
260 ## - PUBLICATION, DISTRIBUTION, ETC.
Place of publication, distribution, etc. Boston :
Name of publisher, distributor, etc. McGraw-Hill,
Date of publication, distribution, etc. c2006.
300 ## - PHYSICAL DESCRIPTION
Extent xvi, 604 p. :
Other physical details ill. (some col.) ;
Dimensions 24 cm. +
Accompanying material 1 CD-ROM ; 4 3/4 in.
500 ## - GENERAL NOTE
General note Accompanying CD-ROM has title: English skills and English skills with readings.
500 ## - GENERAL NOTE
General note Includes index.
538 ## - SYSTEM DETAILS NOTE
System details note Systems requirements for accompanying CD-ROM: IBM-compatible PC; Windows NT4.0; and Internet browser or Macintosh power PC; MAC OS9.2 or OS X with Classic 9, and Internet browser.
650 #0 - SUBJECT ADDED ENTRY--TOPICAL TERM
Topical term or geographic name entry element English language
General subdivision Rhetoric.
9 (RLIN) 3245
650 #0 - SUBJECT ADDED ENTRY--TOPICAL TERM
Topical term or geographic name entry element English language
General subdivision Grammar.
9 (RLIN) 35697
650 #0 - SUBJECT ADDED ENTRY--TOPICAL TERM
Topical term or geographic name entry element Report writing.
9 (RLIN) 3246
740 02 - ADDED ENTRY--UNCONTROLLED RELATED/ANALYTICAL TITLE
Uncontrolled related/analytical title English skills and English skills with readings.
856 41 - ELECTRONIC LOCATION AND ACCESS
Materials specified Table of contents only
Uniform Resource Identifier <a href="http://www.loc.gov/catdir/enhancements/fy0702/2005928927-t.html">http://www.loc.gov/catdir/enhancements/fy0702/2005928927-t.html</a>
942 ## - ADDED ENTRY ELEMENTS (KOHA)
Source of classification or shelving scheme
Koha item type Book
Holdings
Withdrawn status Lost status Source of classification or shelving scheme Damaged status Not for loan Permanent Location Current Location Shelving location Date acquired Shelving control number Total Checkouts Full call number Barcode Date last seen Price effective from Koha item type Public note
          College of Electrical & Mechanical Engineering (CEME) College of Electrical & Mechanical Engineering (CEME) Fiction 03/20/2017 English Literature 1 808.042 LAN CEME-44525 06/28/2021 06/28/2021 Book CART-4
          College of Electrical & Mechanical Engineering (CEME) College of Electrical & Mechanical Engineering (CEME) General Stacks 03/20/2017   1 808.042 LAN CEME-44526 06/28/2021 06/28/2021 Book  
© 2023 Central Library, National University of Sciences and Technology. All Rights Reserved.